000 00453ntaaa2200181 4500
003 01
005 20251027202739.0
008 0714s1973 ag 01
040 _aAR-BaBN
_bspa
_cAR-BaBN
_eaacr
_dRIC
082 _a745.5400 L61c
100 _aLidstone, John
245 _aConstrucciones con cartón
250 _a1 ed.
260 _aBuenos Aires :
_bEditorial Kapelusz,
_cc1973
300 _a101 p
650 _amanualidades-carton
_927506
942 _cBK
999 _c22728
_d22728